Malcolm, la série. - Statistiques

Statistiques générales
  • Ce quiz a été pris 1 910 fois
  • Le résultat moyen est 12 sur 20
Statistiques - réponses
Question Réponse % Correct
Combien la série comporte-t-elle de saison ? 7
94%
Lequel des ces frères est dans une école militaire ? Francis
91%
Pour quel instrument Dewey se découvre-t-il un don ? Piano
83%
Quel est le prénom du meilleur ami (handicapé) de Malcolm ? Stevie
76%
Dans quel domaine Reese a-t-il un talent ? cuisine
75%
Quels sont les prénoms des parents ? Hal et Lois
75%
Il va ensuite partir travailler dans un ranch tenu par 2 personnes. Quel est leur nationalités ? Allemandes
70%
Son frère quitte l'école militaire pour aller travailler travailler ou ? Alaska
68%
Comment sont surnommés les élèves de la classe de surdoué de Malcolm ? Les têtes d'ampoules
67%
Le père à une passion pour un sport artistique. Lequel ? patinage
64%
Quel est le prénom du petit dernier, arrivé dans la saison 4 ? Jamie
63%
Il va y rencontrer sa futur femme. Comment s'appelle-t-elle ? Piama
60%
Au ranch, les 4 frères perdent temporairement la vue a cause de quoi ? Feux d'artifice
59%
Quels sont les noms et prénoms de l'acteur principal ? Frankie Muniz
54%
Dans un épisode, celui-ci est maltraité par un animal qu'il possède. Quel est cet animal ? Singe
49%
Quel est le QI de Malcolm ? 165
35%
Comment s'appelle l'audieuse grand-mère maternelle de Malcolm ? Ida
27%
Qui est la gérante dominatrice qui persécute Francis en Alaska ? Lavernia
24%
La classe de Dewey possède un hamster que l'on voit dans plusieurs épisodes. Quel est sont prénom ? Bernard
18%
Quels sont les noms et prénoms du collègue et voisin collant, qui est fou amoureux de la mère ? Craig Feldspar
18%
Aucun quiz correspondant
Distribution des résultats
% des personnes avec chaque résultat
Percentile par nombre de réponses
Votre historique - résultats
Vous n’avez pas pris ce quiz